000
00333pam a2200157a 44500
008
230515b2001 xxu||||| |||| 00| 0 eng d
020
_a
NULL
041
_a
ENGLISH
082
_a
630
100
_a
PHAKATKAR H G
245
_a
THEORY OF MACHINES - I
250
_a
0
260
_a
N
_b
N/A
_c
2001
300
_a
611
650
_a
NULL
999
_c
651185
_d
651185